书目信息 |
| 题名: |
怎样分析和解答中学物理问题
|
|
| 作者: | 王沛清 编 | |
| 分册: | ||
| 出版信息: | 长沙 湖南人民出版社 1980 |
|
| 页数: | 436页 | |
| 开本: | 19cm | |
| 丛书名: | ||
| 单 册: | ||
| 中图分类: | G634.7 , G633.7 | |
| 科图分类: | ||
| 主题词: | 教育--各级 , 物理--中学--教学参考资料 | |
| 电子资源: | ||
| ISBN: | ||
| 000 | 00710nam0 2200253 45 | |
| 001 | 0180001431 | |
| 005 | 20070722115053.17 | |
| 010 | @dCNY0.78 | |
| 091 | @a7109.1102 | |
| 100 | @a19950629d1980 demy0chiy0121 ea | |
| 101 | 0 | @achi |
| 102 | @aCN@b430000 | |
| 105 | @ay z 000yy | |
| 200 | 10 | @a怎样分析和解答中学物理问题@Azen yang fen xi he jie da zhong xue wu li wen ti@f王沛清编 |
| 210 | @a长沙@c湖南人民出版社@d1980 | |
| 215 | @a436页@d19cm | |
| 606 | 0 | @a教育@x各级 |
| 606 | @a物理@x中学@x教学参考资料 | |
| 690 | @aG634.7@v3 | |
| 690 | @aG633.7@v3 | |
| 701 | 0 | @a王沛清@Awang pei qing@4编 |
| 801 | 2 | @aCN@bNLC@c20070722 |
| 801 | 0 | @aCN@b上海图书馆@c20040426 |
| 905 | @dG633.7@e114=2@f1@b59620 | |
| 怎样分析和解答中学物理问题/王沛清编.-长沙:湖南人民出版社,1980 |
| 436页;19cm |
| ISBN :CNY0.78 |
| ● |
| 相关链接 |
|
|
|
|
正题名:怎样分析和解答中学物理问题
索取号:G633.7/114=2
 
预约/预借
| 序号 | 登录号 | 条形码 | 馆藏地/架位号 | 状态 | 备注 |
| 1 | 0059619 | 000614963 | 密集书库/ [索取号:G633.7/114=2] | 在馆 | |
| 2 | 0059621 | 000614954 | 密集书库/ [索取号:G633.7/114=2] | 在馆 | |
| 3 | 0228080 | 000615409 | 第一样本阅览室/ [索取号:G633.7/114=2] | 在馆 | |
| 4 | 0276992 | 202184796 | 密集书库/ [索取号:G633.7/114=2] | 在馆 | |
| 5 | 0778184 | 207781845 | 密集书库/ [索取号:G633.7/114=2] | 在馆 |